[Event "Deutsche Einzelmeisterschaft"]
[Site "Heringsdorf"]
[Date "2000.11.20"]
[Round "5"]
[White "Nenaschew, Alexander"]
[Black "Bunzmann, Dimitrij"]
[Result "1/2-1/2"]
[WhiteElo "2642"]
[BlackElo "2484"]
[PlyCount "43"]

1. d4 e6 2. c4 b6 3. e4 Bb7 4. Bd3 f5 5. exf5 Bb4+ 6. Kf1 Nf6 7. c5 bxc5 8. a3
c4 9. Bxc4 Ba5 10. fxe6 dxe6 11. Nf3 O-O 12. Nc3 Kh8 13. Ng5 Qd6 14. Qe2 Nbd7
15. Qxe6 Qxd4 16. Be3 16... Qh4 {#} 17. Rd1 Rae8 18. Rd4 Qh5 19. Nf7+ Kg8 20.
Nh6+ Kh8 21. Nf7+ Kg8 22. Nh6+ 1/2-1/2

[Event "Deutsche Einzelmeisterschaft"]
[Site "Heringsdorf"]
[Date "2000.11.20"]
[Round "5"]
[White "Prusikhin, Mikhailo"]
[Black "Stern, Rene"]
[Result "1/2-1/2"]
[WhiteElo "2460"]
[BlackElo "2493"]
[PlyCount "107"]

1. d4 Nf6 2. c4 e6 3. Nc3 d5 4. cxd5 exd5 5. Bg5 c6 6. e3 Be7 7. Bd3 Nbd7 8.
Qc2 Nh5 9. Bxe7 Qxe7 10. O-O-O g6 11. Nge2 Nb6 12. Kb1 Ng7 13. Ng3 Be6 14. Ka1
O-O-O 15. Na4 Nxa4 16. Qxa4 Kb8 17. Rc1 Ne8 18. Rc3 Nd6 19. Ra3 Nc8 20. Rc1 Bd7
21. Qa5 h5 22. h3 Qf6 23. Qe1 h4 24. Ne2 g5 25. Nc3 Qe7 26. Na4 b6 27. Rb3 Be8
28. Ba6 Rh6 29. Nc5 Nd6 30. Nd3 Re6 31. Nc5 Rf6 32. Bd3 Ka8 33. Na6 33... Nb7 {
#} 34. Rbc3 Na5 35. R3c2 Nb7 36. Qc3 Rc8 37. Nb4 Rd8 38. Ba6 Re6 39. Qd2 Na5
40. Bd3 f6 41. Na6 Red6 42. Qc3 Bf7 43. b3 R6d7 44. Bf5 Rb7 45. Kb2 Qd6 46. Qe1
Re7 47. Qb4 Qxb4 48. Nxb4 Be8 49. Kc3 Kb7 50. Kd3 Rd6 51. Rh1 Bd7 52. Bxd7
Rdxd7 53. Rf1 Rg7 54. Ke2 1/2-1/2

[Event "Deutsche Einzelmeisterschaft"]
[Site "Heringsdorf"]
[Date "2000.11.20"]
[Round "5"]
[White "Naiditsch, Arkadij"]
[Black "Rabiega, Robert"]
[Result "1-0"]
[WhiteElo "2449"]
[BlackElo "2487"]
[PlyCount "117"]

1. e4 e5 2. Nf3 Nc6 3. Bb5 Nf6 4. O-O Bc5 5. c3 O-O 6. d4 Bb6 7. Bg5 h6 8. Bh4
d6 9. a4 a5 10. Re1 exd4 11. Bxc6 bxc6 12. Nxd4 g5 13. Bg3 c5 14. Nb5 Bb7 15.
Nd2 Re8 16. e5 dxe5 17. Nc4 Qd5 18. Qxd5 Nxd5 19. Bxe5 Re6 20. Bg3 Rae8 21. f3
Rxe1+ 22. Rxe1 Rxe1+ 23. Bxe1 Bc8 24. Bg3 Bf5 25. Nba3 Bd7 26. b3 {#} 26...
Nxc3 27. Be1 Ne2+ 28. Kf2 Nd4 29. Bxa5 Nxb3 30. Bxb6 cxb6 31. Nxb6 Bc6 32. Nac4
Kg7 33. Ke3 Kf6 34. Kd3 Ke6 35. Kc3 Nd4 36. Nd2 Bd5 37. Kd3 f5 38. Nxd5 Kxd5
39. Nc4 {#} 39... Nc6 40. Ne3+ Ke6 41. Kc4 f4 42. Ng4 Kd6 43. Nxh6 Ne5+ 44. Kc3
Kc6 45. Ng4 Nd7 46. Nf2 Nb6 47. Kb3 Nd5 48. Ng4 Ne7 49. Ne5+ Kd5 50. Nf7 Kd4
51. Nxg5 Kd3 52. Ne4 c4+ 53. Kb2 Nd5 54. a5 c3+ 55. Nxc3 Nxc3 56. Kb3 Kd4 57.
a6 Nd5 58. a7 Nc7 59. h4 1-0

[Event "Deutsche Einzelmeisterschaft"]
[Site "Heringsdorf"]
[Date "2000.11.20"]
[Round "5"]
[White "Enders, Peter"]
[Black "Berezovsky, Igor"]
[Result "1/2-1/2"]
[WhiteElo "2468"]
[BlackElo "2404"]
[PlyCount "169"]

1. e4 e5 2. Nf3 Nf6 3. d4 Nxe4 4. Bd3 d5 5. Nxe5 Nd7 6. Nxd7 Bxd7 7. O-O Bd6 8.
c4 c6 9. cxd5 cxd5 10. Qh5 O-O 11. Qxd5 Bc6 12. Qh5 g6 13. Qh3 Bb4 14. Be3 Rc8
15. Na3 Bxa3 16. bxa3 Re8 17. Rfc1 a6 18. Qg4 Nf6 19. Qg5 Qd6 20. Bc4 Nd5 21.
Bb3 Rcd8 22. a4 Rd7 23. a5 Rde7 24. Bxd5 Qxd5 25. Qxd5 Bxd5 26. Rc5 Rd7 27. a3
f6 28. h3 Kf7 29. Rb1 Re6 30. Kh2 Bc6 31. Rbc1 Red6 32. g4 Rd5 33. Kg3 Rxc5 34.
Rxc5 Rd5 35. Rxd5 Bxd5 36. h4 h5 37. gxh5 gxh5 38. Kf4 Ke6 39. Bd2 Bb3 40. Bb4
Bd5 41. Bc5 Bb3 42. Bb6 Bc4 43. Bd8 Bb3 44. Ke3 Bd5 45. Kd3 Bf3 46. Kc4 Bd5+
47. Kc5 Bf3 48. Kb6 Be4 49. Kc7 Bf3 50. Kc8 Bc6 51. Bb6 Ke7 52. Bc5+ Ke6 53.
Kd8 Ba4 54. Bf8 Kf7 55. Bh6 Bc6 56. Bd2 Ke6 57. Be3 Ba4 58. Bh6 Bc6 59. Bg7 Ba4
60. Bh8 Bc6 61. Bg7 Kf7 62. Bh6 Ke6 63. Bd2 Ba4 64. Bc3 Bb5 65. Bb4 Ba4 66. Bf8
Kf7 67. Bh6 Ke6 68. Bg7 Bc6 69. Kc7 Bf3 70. Bh8 Be4 71. Kb6 Bd5 72. Bg7 Be4 73.
Kc5 Bf3 74. Bh8 Be4 75. Bg7 Bf3 76. Bh6 Bc6 77. Bf4 Bf3 78. Bc7 Bc6 79. Bd8 Bf3
80. Bb6 Bc6 81. Bc7 Bf3 82. Bd8 Be4 83. d5+ Bxd5 84. Bxf6 Bf3 85. Bd8 1/2-1/2

[Event "Deutsche Einzelmeisterschaft"]
[Site "Heringsdorf"]
[Date "2000.11.20"]
[Round "5"]
[White "Knuth, Hannes"]
[Black "Gutman, Lev"]
[Result "0-1"]
[WhiteElo "2308"]
[BlackElo "2533"]
[PlyCount "80"]

1. d4 Nf6 2. c4 g6 3. Nc3 Bg7 4. e4 O-O 5. Nf3 c6 6. Bd3 Na6 7. O-O d6 8. h3 e5
9. Bc2 exd4 10. Nxd4 Re8 11. Re1 Nd7 12. Be3 Ne5 13. Qe2 Nb4 14. Rad1 Nxc2 15.
Nxc2 Be6 16. Na3 Qa5 17. c5 Nd7 18. Nc4 Bxc4 19. Qxc4 Bxc3 20. bxc3 Nxc5 21. f3
Re6 22. Bf4 Rd8 23. Rd4 b5 24. Qb4 Qb6 25. Kh1 Nb7 26. Qb1 Na5 27. a4 Nc4 28.
axb5 cxb5 29. Rd5 a6 30. Qa2 Qc6 31. Ra1 Ra8 32. Rad1 Rb8 33. Qf2 f6 34. Qh4
Ne5 35. Qf2 Nf7 36. Qd4 Rc8 37. Bxd6 Qxc3 38. Qa7 {#} 38... Rxd6 39. Rxd6 Nxd6
40. Rxd6 Qa1+ 0-1

[Event "Deutsche Einzelmeisterschaft"]
[Site "Heringsdorf"]
[Date "2000.11.20"]
[Round "5"]
[White "Mueller, Karsten"]
[Black "Siebrecht, Sebastian"]
[Result "1/2-1/2"]
[WhiteElo "2513"]
[BlackElo "2376"]
[PlyCount "96"]

1. d4 f5 2. Nc3 Nf6 3. Bg5 d5 4. Nh3 Be6 5. e3 Bf7 6. Bd3 e6 7. g4 fxg4 8. Nf4
Nbd7 9. h3 g3 10. fxg3 c6 11. e4 dxe4 12. Bxe4 Qa5 13. Bxf6 Nxf6 14. Qf3 Bb4
15. O-O O-O 16. Rae1 Nxe4 17. Rxe4 Rae8 18. Qe3 Bxc3 19. Qxc3 Qxa2 20. Re5 Qa6
21. Rfe1 Qb6 22. h4 Rd8 23. R1e4 Rd6 24. h5 Rfd8 25. Rc5 R8d7 26. Kf2 Qd8 27.
Ke3 Qf6 28. Rce5 {#} 28... g5 29. hxg6 Bxg6 30. Nxg6 Qxg6 31. Kf2 Rf7+ 32. Kg2
Rf5 33. Qc5 Rd5 34. Qxa7 Rfxe5 35. Qb8+ Kg7 36. Rxe5 Qxc2+ 37. Kh3 Rxe5 38.
Qxe5+ Kf7 39. Qc7+ Kg6 40. Qxb7 Qf5+ 41. g4 Qf3+ 42. Kh4 Qf4 43. Kh3 Qe3+ 44.
Kh4 Qe1+ 45. Kh3 Qf1+ 46. Kg3 Qd3+ 47. Kh4 Qd2 48. Qb8 Qf2+ 1/2-1/2

[Event "Deutsche Einzelmeisterschaft"]
[Site "Heringsdorf"]
[Date "2000.11.20"]
[Round "5"]
[White "Holzhaeuer, Mathias"]
[Black "Sielecki, Christof"]
[Result "1/2-1/2"]
[WhiteElo "2362"]
[BlackElo "2424"]
[PlyCount "84"]

1. e4 e6 2. d4 d5 3. Nc3 Nf6 4. e5 Nfd7 5. Nce2 c5 6. c3 Nc6 7. f4 b5 8. a3
cxd4 9. Nxd4 Nxd4 10. cxd4 b4 11. a4 Qa5 12. Nf3 Ba6 13. Bxa6 Qxa6 14. Qe2
Qxe2+ 15. Kxe2 Be7 16. Bd2 Nb8 17. Rhc1 Kd7 18. Rc2 Nc6 19. Rac1 Rac8 20. Kd3
h6 21. h3 Na5 22. Rxc8 Rxc8 23. Rxc8 Kxc8 24. g4 Nc4 25. Bc1 f5 26. exf6 Bxf6
27. g5 Bd8 28. Nh4 Nd6 29. Ng6 Kd7 30. Ne5+ Ke8 31. Nc6 a5 32. Nxd8 Kxd8 33.
gxh6 gxh6 34. b3 Nf5 35. Be3 Ke7 36. Ke2 Kf6 37. Kf3 Kg6 38. Bg1 Nd6 39. Bf2
Nf5 40. Bg1 Ne7 41. Be3 Kf5 42. Bf2 Ng6 1/2-1/2

[Event "Deutsche Einzelmeisterschaft"]
[Site "Heringsdorf"]
[Date "2000.11.20"]
[Round "5"]
[White "Naumann, Alexander"]
[Black "Voekler, Bernd"]
[Result "1/2-1/2"]
[WhiteElo "2489"]
[BlackElo "2345"]
[PlyCount "39"]

1. e4 e6 2. d3 d5 3. Qe2 dxe4 4. dxe4 e5 5. Nf3 Nc6 6. c3 Nf6 7. Qc2 a6 8. Be2
Bd6 9. O-O O-O 10. Nbd2 h6 11. Nc4 b5 12. Nxd6 cxd6 13. Rd1 Qc7 14. a4 Rb8 15.
axb5 axb5 16. h3 Be6 17. Bd3 Na5 18. Qe2 Nb3 19. Rb1 Qc6 20. Bc2 1/2-1/2

[Event "Deutsche Einzelmeisterschaft"]
[Site "Heringsdorf"]
[Date "2000.11.20"]
[Round "5"]
[White "Woll, Wilfried"]
[Black "Paulsen, Dirk"]
[Result "1/2-1/2"]
[WhiteElo "2170"]
[BlackElo "2431"]
[PlyCount "108"]

1. c4 e5 2. g3 Nc6 3. Bg2 Nf6 4. Nc3 g6 5. d3 Bg7 6. Rb1 O-O 7. b4 d6 8. Nf3
Nh5 9. b5 Nb8 10. O-O Nd7 11. Ba3 a6 12. Qb3 axb5 13. cxb5 Nb6 14. Nd2 Be6 15.
Nc4 e4 16. Bb4 f5 17. a4 {#} 17... c5 18. bxc6 bxc6 19. Rfc1 Nxc4 20. dxc4 Rb8
21. Qd1 c5 22. Ba3 Bxc4 23. Nb5 Ba2 24. Ra1 Bxa1 25. Rxa1 Be6 26. Qd2 Nf6 27.
Nxd6 Qc7 28. Nb5 Qe7 29. Rc1 Rfd8 30. Qc3 Nd5 31. Qa1 Rdc8 32. e3 Ra8 33. Bb2
Nb6 34. Bf6 Qf8 35. a5 Nd5 36. Be5 Nb4 37. Nc7 Nd3 38. Rd1 Bb3 39. Rxd3 exd3
40. Qc3 Rxc7 41. Bxc7 Be6 42. Bxa8 Qxa8 43. Qxd3 Qd5 44. Qxd5 Bxd5 45. a6 Kf7
46. Bd6 c4 47. Be5 Ke6 48. f4 g5 49. h4 g4 50. h5 Bc6 51. a7 Kd5 52. Kf2 Kc5
53. Ke2 Kb4 54. Kd2 Kb3 1/2-1/2

[Event "Deutsche Einzelmeisterschaft"]
[Site "Heringsdorf"]
[Date "2000.11.20"]
[Round "5"]
[White "Meins, Gerlef"]
[Black "Bruch, Jochen"]
[Result "1-0"]
[WhiteElo "2426"]
[BlackElo "2336"]
[PlyCount "77"]

1. d4 Nf6 2. c4 c5 3. d5 e6 4. Nc3 exd5 5. cxd5 d6 6. Nf3 g6 7. Bf4 Bg7 8. Qa4+
Bd7 9. Qb3 Qc7 10. e4 Nh5 11. Be3 O-O 12. Nd2 a6 13. a4 f5 14. exf5 gxf5 15.
Be2 Be8 16. Nf3 h6 17. O-O Nd7 18. Qd1 Qd8 19. g3 f4 20. Bd2 fxg3 21. hxg3 Nhf6
22. Bf4 Nb6 23. Qd2 Bf7 24. Bxh6 {#} 24... Nfxd5 $2 25. Bxg7 Kxg7 26. a5 Qf6
27. axb6 Nxc3 28. Qxc3 Qxc3 29. bxc3 Bh5 30. Nd4 cxd4 31. Bxh5 dxc3 32. Rfc1
Rac8 33. Ra3 Rc6 34. Rcxc3 Rxb6 35. Rab3 Rxb3 36. Rxb3 b5 37. Ra3 Ra8 38. Be2
Re8 39. Kf1 1-0

[Event "Deutsche Einzelmeisterschaft"]
[Site "Heringsdorf"]
[Date "2000.11.20"]
[Round "5"]
[White "Heinzel, Olaf"]
[Black "Enigk, Frank"]
[Result "1-0"]
[WhiteElo "2389"]
[BlackElo "2195"]
[Annotator "Station10"]
[PlyCount "87"]

1. d4 Nf6 2. Nf3 e6 3. Bf4 d5 4. e3 Bd6 5. Bd3 c5 6. Bg3 Bxg3 7. hxg3 Nbd7 8.
Nc3 a6 9. a4 b6 10. e4 dxe4 11. Nxe4 Qc7 12. dxc5 bxc5 13. Qe2 h6 14. Nfd2 Bb7
15. Nc4 Nxe4 16. Bxe4 Bxe4 17. Qxe4 O-O 18. a5 Rad8 19. O-O Nf6 20. Qe2 Rd4 21.
Nb6 c4 22. Ra4 Rfd8 23. Rxc4 Rxc4 24. Nxc4 Rd4 25. b3 Qc5 26. Rd1 Rxd1+ 27.
Qxd1 Ne4 28. Qd8+ Kh7 29. Ne3 (29. Qb6) 29... Qc3 30. Kf1 f5 31. Ke2 h5 32. Qd1
Qxa5 33. Kf1 Kh6 34. Kg1 Qc5 35. Qe2 a5 36. Qc4 Qb6 37. Qd3 Qc5 38. Qa6 Qe5 39.
Qd3 Qc5 40. Qa6 40... Qe5 {#} 41. Nc4 Qa1+ 42. Kh2 g6 43. Qxe6 Qf1 44. Ne5 1-0

[Event "Deutsche Einzelmeisterschaft"]
[Site "Heringsdorf"]
[Date "2000.11.20"]
[Round "5"]
[White "Alber, Horst"]
[Black "Wisnewski, Christoph"]
[Result "0-1"]
[WhiteElo "2340"]
[BlackElo "2140"]
[Annotator "Station10"]
[PlyCount "48"]

1. d4 d5 2. c4 Nc6 3. cxd5 Qxd5 4. Nf3 e5 5. Nc3 Bb4 6. e3 exd4 7. exd4 Nf6 8.
Bd2 Bxc3 9. bxc3 Na5 10. Qe2+ Be6 11. Ng5 O-O 12. Nxe6 Rfe8 13. Be3 Qxe6 14.
Qd3 Nd5 15. Be2 c5 16. Rb1 f5 17. g3 c4 18. Qc2 Nxe3 19. fxe3 Qxe3 20. Rb5 Nc6
21. Rf1 Qd3 22. Qd2 {#} 22... Re3 (22... Rxe2+ 23. Qxe2 Qxc3+ 24. Kf2 Nxd4) 23.
Rf2 Rae8 24. Kd1 Rxe2 0-1

[Event "Deutsche Einzelmeisterschaft"]
[Site "Heringsdorf"]
[Date "2000.11.20"]
[Round "5"]
[White "Glienke, Manfred Dr"]
[Black "Zeller, Frank"]
[Result "1-0"]
[WhiteElo "2348"]
[BlackElo "2434"]
[PlyCount "99"]

1. e4 e5 2. Nf3 Nc6 3. d4 exd4 4. Bc4 d6 5. Nxd4 g6 6. Nxc6 bxc6 7. Qf3 Qf6 8.
Qg3 Bg7 9. O-O Qe7 10. Nc3 Nf6 11. Bd2 O-O 12. Rae1 Rb8 13. b3 Nh5 14. Qd3 Qh4
15. f4 Bd7 16. g3 Qh3 17. Nd1 Nf6 18. Nf2 Qh5 19. Qe3 Ng4 20. Nxg4 Bxg4 21. Bc3
Bxc3 22. Qxc3 Qc5+ 23. Qe3 Qb6 24. Kg2 Rfe8 25. Bd3 f6 26. Qxb6 cxb6 27. a4 Re7
28. Be2 Bc8 29. Bf3 c5 30. Rf2 Bb7 31. Rfe2 Rbe8 32. Kf2 Kg7 33. c4 Kf7 34. h4
Rd8 35. g4 h6 36. Rd1 g5 37. hxg5 hxg5 38. fxg5 fxg5 39. e5 Bxf3 40. Kxf3 {#}
40... Rh8 41. Rxd6 Rh3+ 42. Ke4 Rxb3 43. Kf5 Rc3 44. Re4 Ra3 45. Rg6 Rxa4 46.
e6+ Kf8 47. Kxg5 Rh7 48. Rf6+ Ke8 49. Kg6 Rh4 50. e7 1-0

[Event "Deutsche Einzelmeisterschaft"]
[Site "Heringsdorf"]
[Date "2000.11.20"]
[Round "5"]
[White "Reeh, Oliver"]
[Black "Heck, Norbert"]
[Result "1/2-1/2"]
[WhiteElo "2420"]
[BlackElo "2340"]
[PlyCount "39"]

1. e4 g6 2. d4 Bg7 3. c4 d6 4. Nc3 Nf6 5. f3 O-O 6. Be3 e5 7. Nge2 c6 8. Qd2
Nbd7 9. O-O-O a6 10. d5 cxd5 11. Nxd5 Nxd5 12. cxd5 b5 13. Kb1 a5 14. Nc3 b4
15. Na4 f5 16. exf5 gxf5 17. Bb5 Rb8 18. Qe2 Nf6 19. Bc6 Rf7 20. Rc1 1/2-1/2

[Event "Deutsche Einzelmeisterschaft"]
[Site "Heringsdorf"]
[Date "2000.11.20"]
[Round "5"]
[White "Baramidze, David"]
[Black "Hammes, Michael"]
[Result "1-0"]
[WhiteElo "2242"]
[BlackElo "2401"]
[PlyCount "105"]

1. e4 e6 2. d4 d5 3. Nd2 Nf6 4. e5 Nfd7 5. Bd3 c5 6. c3 b6 7. Qe2 a5 8. f4 Ba6
9. Bxa6 Nxa6 10. Ngf3 cxd4 11. Nxd4 Nac5 12. O-O g6 13. N2f3 h5 14. Be3 Rc8 15.
Rac1 Be7 16. Nb5 Ne4 17. Rfd1 O-O 18. Nfd4 Kg7 19. Kh1 19... Rh8 {#} 20. c4
dxc4 21. Rxc4 Nec5 22. a3 Qe8 23. Rdc1 a4 24. Qc2 Nf8 25. Nc3 Ra8 26. Ndb5 Qd7
27. Rd1 Qc6 28. Bxc5 Bxc5 29. Rxa4 Rxa4 30. Qxa4 h4 31. Qe4 Qxe4 32. Nxe4 Be3
33. Rf1 Nd7 34. Nec3 Nc5 35. Rf3 Bc1 36. b4 Nd7 37. Kg1 g5 38. g3 Rc8 39. Kf1
Nf8 40. Nd6 Ra8 41. fxg5 hxg3 42. Rxf7+ Kg6 43. h4 Kh5 44. Ne2 Bxa3 45. Rf4 Nd7
46. Kg2 Nxe5 47. Nxg3+ Kg6 48. Rf6+ Kh7 49. Rxe6 Bxb4 50. Ndf5 Ng6 51. Rxb6 Bd2
52. Ne4 Rf8 53. Rb7+ 1-0

[Event "Deutsche Einzelmeisterschaft"]
[Site "Heringsdorf"]
[Date "2000.11.20"]
[Round "5"]
[White "Bischoff, Dieter"]
[Black "Pfretzschner, Roland"]
[Result "0-1"]
[WhiteElo "2194"]
[BlackElo "2295"]
[PlyCount "108"]

1. d4 Nf6 2. c4 c5 3. d5 b5 4. cxb5 a6 5. bxa6 Bxa6 6. Nc3 g6 7. f4 Bg7 8. Nf3
Qa5 9. Qd2 d6 10. e4 O-O 11. Bxa6 Qxa6 12. Kf2 c4 13. Re1 Nbd7 14. Kg1 Nc5 15.
Qe2 Nd3 16. Rf1 Qb6+ 17. Kh1 Rfb8 18. Nd1 {#} 18... Rxa2 19. Be3 Qa6 20. Rxa2
Qxa2 21. Bd4 Nxf4 22. Qf2 Nd3 23. Qh4 Qa6 24. Nd2 Qc8 25. h3 Qc7 26. Nf3 Ne5
27. Nxe5 dxe5 28. Bc3 Ne8 29. Qg3 f6 30. Ne3 Nd6 31. Qf3 Ra8 32. Ng4 Qc8 33.
Qe2 Qc7 34. Ne3 Bh6 35. Ng4 Bg7 36. Ne3 Qc5 37. Qf3 Bh6 38. Ng4 Bg7 39. Ne3 Nb5
40. Rd1 Nd6 41. Ng4 Ra2 42. Rf1 Qc8 43. Qe3 Qa6 44. Kh2 Ra1 45. Rxa1 Qxa1 46.
h4 Qf1 47. Bb4 Qf4+ 48. Qxf4 exf4 49. Ba3 Kf7 50. Nf2 Nb5 51. g3 fxg3+ 52. Kxg3
c3 53. Nd3 Bh6 54. Bc5 c2 0-1

[Event "Deutsche Einzelmeisterschaft"]
[Site "Heringsdorf"]
[Date "2000.11.20"]
[Round "5"]
[White "Braun, Peter"]
[Black "Heinrich, Alexander Dr"]
[Result "1-0"]
[WhiteElo "2264"]
[BlackElo "2146"]
[Annotator "Station10"]
[PlyCount "77"]

1. d4 Nf6 2. c4 e6 3. Nf3 b6 4. e3 Bb7 5. Bd3 d5 6. O-O Bd6 7. b3 O-O 8. Bb2
Ne4 9. Nc3 Nd7 10. Rc1 c5 11. cxd5 Nxc3 12. Bxc3 Bxd5 13. e4 Bb7 14. e5 Be7 15.
Re1 cxd4 16. Nxd4 Bg5 17. Bd2 Nc5 18. Bf1 Bxd2 19. Qxd2 Qd5 20. Qf4 $2 20...
Nd3 21. Qh4 Nxc1 22. Rxc1 Rac8 23. Re1 Rfd8 24. Nf3 h6 25. h3 Qa5 26. Re3 Rd1
27. Nh2 Qd5 28. Rg3 Qxe5 29. Qe7 Qc7 30. Qh4 Qc1 31. Qf6 g6 32. h4 Be4 33. h5
33... Qc7 {#} 34. Ng4 Rxf1+ 35. Kh2 Kf8 (35... Qc1) 36. Ne5 36... Bf5 $2 $138 (
36... Rxf2) 37. hxg6 Bxg6 38. Rxg6 $2 $138 (38. Nxg6+ Ke8 39. Ne5 Kf8 40. Rc3)
38... Ke8 $4 $138 (38... Rxf2 39. Qg7+ Ke7) 39. Rg8# 1-0

[Event "Deutsche Einzelmeisterschaft"]
[Site "Heringsdorf"]
[Date "2000.11.20"]
[Round "5"]
[White "Schramm, Christian"]
[Black "Barmbold, Jens"]
[Result "1-0"]
[WhiteElo "2326"]
[BlackElo "2270"]
[PlyCount "81"]

1. e4 Nc6 2. Nf3 Nf6 3. e5 Nd5 4. d4 d6 5. c4 Nb6 6. exd6 exd6 7. Be2 Bg4 8.
O-O Be7 9. Nc3 O-O 10. b3 Re8 11. Be3 Bf6 12. Qd2 Qd7 13. Rae1 d5 14. c5 Nc8
15. h3 Bf5 16. Nh2 N8e7 17. g4 17... Be4 {#} 18. g5 Qxh3 19. Nxe4 Bxd4 20. Bxd4
dxe4 21. Ba1 Qh4 22. Kh1 Nf5 23. Qd7 g6 24. Bf6 Ne5 25. Qxc7 e3 26. f4 $138
26... Ng3+ 27. Kg2 Nxe2 28. Rxe2 Nd3 29. Qxb7 Nxf4+ 30. Rxf4 Qxf4 31. Qf3 Qb4
32. Ng4 Qxc5 33. Nh6+ Kf8 34. Bg7+ Ke7 35. Rxe3+ Kd7 36. Rd3+ Kc7 37. Rc3 Re2+
38. Qxe2 Qxc3 39. Bxc3 Rc8 40. Be5+ Kb7 41. Qb5+ 1-0